| 000 | 01146nam a2200229Ia 4500 | ||
|---|---|---|---|
| 001 | L240-13018 | ||
| 003 | IT-CnALBA | ||
| 008 | 170116s9999||||xx |||||||||||||| ||und|| | ||
| 040 |
_aIT-CnALBA _cIT-CnALBA |
||
| 041 | _aITALIANO | ||
| 100 | _aZANOTELLI EMMANUELE, SAC. STIMMATINO. | ||
| 245 | 0 | _aIL SEGRETO DELLA SANTITÀ SACERDOTALE. ESORTAZIONI FAMILIARI AL CLERO. | |
| 250 | _a1a ed. | ||
| 260 |
_a TO BO CT PA _bSOCIETÀ ED. INTER. _c1932 [1° Ed.:1932 - Ed.Ling.Originale: 1932] |
||
| 300 | _a141 p. (prefazione: 5) | ||
| 500 | _aDONO DI D. CHIAVARINO SSP. DEDICA A MARIA SS. PREPARAZIONEALLA MESSA. CELE BRAZIONE RINGRAZIAMENTO. UFFICIO DIVINO. INTENZIONI NELLA RECITA DEL BREVIARIO. PREGHIERE PRIMA E DOPO LA MESSA. | ||
| 501 | _aSocietà San Paolo EM - Piazza San Paolo, 14 - 12051 ALBA (CN) (non commercial uses only) ® Copyright 2017 | ||
| 520 | _aDONO DI D. CHIAVARINO SSP. DEDICA A MARIA SS. PREPARAZIONEALLA MESSA. CELE BRAZIONE RINGRAZIAMENTO. UFFICIO DIVINO. INTENZIONI NELLA RECITA DEL BREVIARIO. PREGHIERE PRIMA E DOPO LA MESSA. | ||
| 650 | _aTEOLOGIA SPIRITUALE CRISTIANA | ||
| 942 | _cBK | ||
| 957 | _71 | ||
| 999 |
_a17771 _bSI _g Copie: 1 _c272194 _d272194 |
||